Geography Quiz- Part 2 - Statistics

General Stats
  • This quiz has been taken 17 times
  • The average score is 32 of 45
Answer Stats
Question Tile Select % Correct
That Are Island Countries No
100%
That Are Island Countries Yes
94%
That Are Island Countries Yes
94%
That Are Island Countries No
94%
That Are Island Countries No
94%
That Are Island Countries No
88%
That are in South America Yes
88%
That are in South America No
88%
That have over 100,000,000 people Yes
88%
That have over 100,000,000 people No
88%
That are in South America Yes
82%
That are in South America No
82%
That have over 100,000,000 people No
82%
That have over 100,000,000 people No
82%
That don't have a city with above 1,000,000 people No
82%
That were a British Colony Yes
82%
That were a British Colony Yes
82%
That are in South America No
76%
That are in South America No
76%
That have over 100,000,000 people Yes
76%
That were a British Colony No
76%
That were a British Colony No
76%
That are in South America Yes
71%
That are in South America No
71%
That have over 100,000,000 people Yes
71%
That have over 100,000,000 people No
71%
That don't have a city with above 1,000,000 people Yes
71%
That were a British Colony No
71%
That Are Island Countries No
65%
That don't have a city with above 1,000,000 people Yes
65%
That don't have a city with above 1,000,000 people No
65%
That don't have a city with above 1,000,000 people No
65%
That Are Island Countries Yes
59%
That are in South America Yes
59%
That were a British Colony No
59%
That were a British Colony Yes
53%
That Are Island Countries Yes
47%
That have over 100,000,000 people Yes
47%
That have over 100,000,000 people Yes
47%
That don't have a city with above 1,000,000 people No
47%
That don't have a city with above 1,000,000 people Yes
41%
That were a British Colony Yes
41%
That don't have a city with above 1,000,000 people Yes
35%
That were a British Colony Yes
35%
That don't have a city with above 1,000,000 people Yes
24%
No matching quizzes found
Score Distribution
Percent of People with Each Score
Percentile by Number Answered
Your Score History
You have not taken this quiz